<?xml version="1.0" encoding="UTF-8"?>
<record
    xmlns:xsi="http://www.w3.org/2001/XMLSchema-instance"
    xsi:schemaLocation="http://www.loc.gov/MARC21/slim http://www.loc.gov/standards/marcxml/schema/MARC21slim.xsd"
    xmlns="http://www.loc.gov/MARC21/slim">

  <leader>00940nam a2200217   4500</leader>
  <controlfield tag="005">20220620122136.0</controlfield>
  <controlfield tag="008">220620b           mx ||||| |||| 00| 0 spa d</controlfield>
  <datafield tag="020" ind1=" " ind2=" ">
    <subfield code="a">9686577017</subfield>
  </datafield>
  <datafield tag="050" ind1="0" ind2="4">
    <subfield code="a">ND1432.G84</subfield>
    <subfield code="b">P73 1991 </subfield>
  </datafield>
  <datafield tag="245" ind1="1" ind2="4">
    <subfield code="a">Los t&#xFA;mulos de Santa Prisca</subfield>
    <subfield code="c">/ Ricardo Prado N&#xFA;&#xF1;ez, Rafael Barquero D&#xED;az Barriga.</subfield>
  </datafield>
  <datafield tag="250" ind1=" " ind2=" ">
    <subfield code="a">1a ed. </subfield>
  </datafield>
  <datafield tag="260" ind1=" " ind2=" ">
    <subfield code="a">Chilpancingo, Guerrero, M&#xE9;xico :</subfield>
    <subfield code="b">Instituto Guerrerense de la Cultura, </subfield>
    <subfield code="c">1991.</subfield>
  </datafield>
  <datafield tag="300" ind1=" " ind2=" ">
    <subfield code="a">63 p. : </subfield>
    <subfield code="b">il. ; </subfield>
    <subfield code="c">17 cm..</subfield>
  </datafield>
  <datafield tag="650" ind1=" " ind2="7">
    <subfield code="2">Lemb</subfield>
    <subfield code="a">La muerte en el arte</subfield>
    <subfield code="y">Siglo XVI-XIX</subfield>
  </datafield>
  <datafield tag="650" ind1=" " ind2="7">
    <subfield code="2">Lemb </subfield>
    <subfield code="a">Pintura, Colonial</subfield>
    <subfield code="z">Taxco de Alarc&#xF3;n, Guerrero</subfield>
    <subfield code="z">M&#xE9;xico</subfield>
  </datafield>
  <datafield tag="650" ind1=" " ind2="7">
    <subfield code="2">Lemb </subfield>
    <subfield code="a">Pintura, Mexicana </subfield>
    <subfield code="z">Taxco de Alarc&#xF3;n, Guerrero </subfield>
    <subfield code="z">M&#xE9;xico </subfield>
  </datafield>
  <datafield tag="650" ind1=" " ind2="7">
    <subfield code="2">Lemb </subfield>
    <subfield code="a">Monumentos sepulcrales </subfield>
    <subfield code="x">Historia </subfield>
    <subfield code="z">Taxco de Alarc&#xF3;n, Guerrero </subfield>
    <subfield code="z">M&#xE9;xico </subfield>
  </datafield>
  <datafield tag="700" ind1="1" ind2=" ">
    <subfield code="a">D&#xED;az Barriga, Rafael Barquero,  </subfield>
    <subfield code="e">coautor.</subfield>
  </datafield>
  <datafield tag="710" ind1="1" ind2=" ">
    <subfield code="a">Santa Prisca (Iglesia: Taxco de Alarc&#xF3;n, M&#xE9;xico)</subfield>
  </datafield>
  <datafield tag="942" ind1=" " ind2=" ">
    <subfield code="2">lcc</subfield>
    <subfield code="c">LIB</subfield>
  </datafield>
  <datafield tag="999" ind1=" " ind2=" ">
    <subfield code="c">162684</subfield>
    <subfield code="d">162682</subfield>
  </datafield>
  <datafield tag="952" ind1=" " ind2=" ">
    <subfield code="1">0</subfield>
    <subfield code="2">lcc</subfield>
    <subfield code="4">0</subfield>
    <subfield code="7">0</subfield>
    <subfield code="a">INV-033</subfield>
    <subfield code="b">INV-033</subfield>
    <subfield code="c">GENERAL</subfield>
    <subfield code="d">2022-06-20</subfield>
    <subfield code="f">1a ed. </subfield>
    <subfield code="k">EH</subfield>
    <subfield code="o">ND1432.G84 P73 1991</subfield>
    <subfield code="p">IIH000032942</subfield>
    <subfield code="r">2022-06-20 00:00:00</subfield>
    <subfield code="t">C:1</subfield>
    <subfield code="v">1.00</subfield>
    <subfield code="y">LIB</subfield>
  </datafield>
</record>
